Statistics for Parties of The Scottish Parliament

Click here to take the quiz!

General Stats

  • This quiz has been taken 56 times
    (26 since last reset)
  • The average score is 6 of 9

Answer Stats

Years in ParliamentAnswer% Correct
1999 - PresentScottish Conservative & Unionist Party
96%
1999 - PresentScottish Labour Party
96%
1999 - PresentScottish Green Party
92%
1999 - PresentScottish National Party
92%
1999 - PresentScottish Liberal Democrats
76%
1999 - 2007Scottish Socialist Party
72%
2023 - PresentAlba Party
60%
2006 - 2007Solidarity
8%
2003 - 2007Scottish Senior Citizens Unity Party
4%

Score Distribution

Percentile by Number Answered

Percent of People with Each Score

Your Score History

You have not taken this quiz since the last reset